[Event "Moscow-ch Men 2019"]
[Site "Moscow"]
[Date "2019.04.04"]
[Round "6.6"]
[White "Afanasiev, Nikita"]
[Black "Kozionov, Kirill"]
[Result "0-1"]
[WhiteElo "2527"]
[BlackElo "2441"]
[Annotator "TA"]
[PlyCount "88"]
[EventDate "2019.03.30"]
[EventType "swiss"]
[EventCountry "RUS"]
[SourceTitle "playchess.com"]
[Source "ChessBase"]
[SourceQuality "1"]

{[%evp 18,88,15,17,20,18,38,16,28,21,78,42,15,36,111,52,48,50,63,60,93,0,56,0,0,-12,-20,-27,-20,-18,-9,-50,-11,-66,-14,-23,-22,-16,-15,-13,-20,-97,-44,-132,-164,-271,-9,-341,-43,-78,-79,-286,-276,-228,-276,-260,-270,-278,-272,-262,-241,-365,-337,-316,-267,-243,-250,-253,-232,-384,-384,-377,-300]} 1. e4 c5 2. Nf3 d6 3. d4 Nf6 4. Nc3 cxd4 5. Nxd4 a6 6. Bg5 e6 7. f4 Qb6 8. Nb3 Nbd7 9. Qe2 Qc7 10. O-O-O b5 {B97: Sicilian Najdorf: Poisoned Pawn} 11. a3 Bb7 (11... Be7 12. g4 h6 13. Bh4 Rb8 14. Be1 g5 15. f5 Ne5 16. h4 Nfxg4 17. hxg5 Bxg5+ 18. Bd2 {1-0 (64) Grischuk,A (2769)-Vachier Lagrave,M (2780) Douglas 2018}) 12. Kb1 Be7 {The position is equal.} 13. g4 $146 ({Predecessor:} 13. g3 O-O 14. Bg2 Rab8 15. f5 Ne5 16. Nd4 Bc8 17. fxe6 fxe6 18. Bh3 {0-1 (33) Richter,W (2186)-Siigur,J (2465) ICCF email 2012}) 13... O-O-O (13... Nb6 $11 {keeps the balance.}) 14. Rg1 h6 15. Bh4 g5 (15... Nc5 $14) 16. Bg3 ({White should play} 16. fxg5 $16 Ne8 17. Be1) 16... gxf4 17. Bxf4 Ne5 18. h3 Kb8 19. Bg2 (19. a4 $1 $16) 19... Nfd7 (19... Rc8 $11) 20. Rgf1 (20. a4 $1 $14) 20... Nc4 $11 21. Bc1 Nde5 22. Na2 Rc8 23. Nb4 Bg5 24. Qf2 Ka8 25. Rfe1 (25. Nd3 $11) 25... Qe7 (25... a5 $15 26. Nd3 Kb8) 26. Re2 Bxc1 27. Nxc1 h5 28. gxh5 Rxh5 29. Qf4 (29. Ka2 $11) 29... Rg8 (29... Rg5 $17 30. Qh2 Rcg8) 30. Rf1 (30. Ncd3 $15) 30... f5 $36 {[%mdl 2048] Black is in control.} 31. Qh2 (31. Nbd3 $142) 31... Qg5 $2 (31... Qg7 $19 32. Ncd3 Rg5) 32. Rf4 $2 {[%mdl 8192] [#]} (32. exf5 $1 $11 {and White is okay.} Bxg2 33. Rg1 Rxh3 34. Rgxg2 Rxh2 35. Rxg5 Rxg5 36. Rxh2 Rxf5 37. Nxa6) 32... Qg3 $2 (32... Ng4 $1 $19 {[%cal Rg4h2][%mdl 512]} 33. Qg3 (33. hxg4 Rxh2) 33... Nge3 34. Qxg5 Rhxg5) 33. Qxg3 Rxg3 34. Ncd3 $2 (34. Nxa6 $17 {was necessary.} Rh7 35. Nb4) 34... Ne3 $19 35. Nxe5 Nxg2 36. Rff2 dxe5 (36... Bxe4 {[#]} 37. Rxe4 $1 {[%mdl 512]} Ne3 38. Nc4 $11 (38. Rxe3 Rxe3 39. Nf7 Rexh3 $11)) 37. Rxg2 Rxg2 ({Worse is} 37... Rhxh3 38. Rxg3 Rxg3 39. exf5 $11) ({Weaker is} 37... Rgxh3 38. Rg8+ Ka7 39. exf5 $17) 38. Rxg2 Rxh3 {[%mdl 4096] Endgame KRB-KRN} ({Resist} 38... Bxe4 39. Rg8+ Kb7 40. Rg7+ Kb6 41. Rg6 $19) 39. Nd3 (39. Rg1 $142) 39... Bxe4 40. Rg8+ Ka7 41. Nxe5 Rh1+ 42. Ka2 Bxc2 43. Rg7+ $2 (43. Re8 {was called for.}) 43... Kb6 44. b4 Be4 {Accuracy: White = 31%, Black = 49%.} 0-1

[Event "Moscow-ch Men 2019"]
[Site "Moscow"]
[Date "2019.04.04"]
[Round "6.7"]
[White "Dvalishvili, Pavel S."]
[Black "Zakhartsov, Vladimir"]
[Result "1/2-1/2"]
[WhiteElo "2407"]
[BlackElo "2468"]
[Annotator "TA"]
[PlyCount "58"]
[EventDate "2019.03.30"]
[EventType "swiss"]
[EventCountry "RUS"]
[SourceTitle "playchess.com"]
[Source "ChessBase"]
[SourceQuality "1"]

{[%evp 14,58,12,28,25,0,0,0,0,0,0,0,0,-17,-8,-13,-8,-5,0,0,0,2,34,35,86,75,89,89,118,124,119,70,77,0,116,0,64,0,118,0,60,0,119,0,97,0,128]} 1. Nf3 Nf6 2. g3 d5 3. Bg2 c5 4. O-O e6 5. c4 d4 6. e3 Nc6 7. exd4 cxd4 8. d3 Be7 {A13: English Opening: 1...e6} 9. Bg5 (9. Re1 O-O 10. b3 Re8 11. Ba3 h6 12. Bxe7 Rxe7 13. a3 {½-½ (43) Maghsoodloo,P (2688)-Le,Q (2714) Makati 2018}) 9... O-O 10. Nbd2 h6 11. Bxf6 Bxf6 12. a3 a5 13. Ne1 e5 $146 ({Predecessor:} 13... Bd7 14. Rb1 a4 15. f4 Qc7 16. Nc2 {½-½ (57) Mista,A (2561)-Grabarczyk,M (2460) Mrzezyno 2011}) 14. Nc2 Be7 15. Re1 Bf5 16. Bxc6 bxc6 17. Qf3 Be6 18. Qxc6 Rc8 (18... Bd7 $14 19. Qd5 Bg5) 19. Qf3 f6 20. b4 {[%cal Bb2b4,Bb4a5][%mdl 32]} Qd7 21. bxa5 Bg4 22. Qe4 Bf5 23. Qf3 Bg4 $1 {[%cal Rg4f3]} 24. Qe4 ({Better is} 24. Qg2 $16) 24... Bf5 $14 25. Qf3 (25. Qe2 $1 $14) 25... Bg4 $1 $16 {[%cal Rg4f3]} 26. Qe4 (26. Qg2 $16) 26... Bf5 $14 27. Qf3 ({White should play} 27. Qe2 $1 $14) 27... Bg4 $1 $16 {[%cal Rg4f3]} 28. Qe4 Bf5 29. Qf3 Bg4 $1 {Accuracy: White = 57%, Black = 75%.} 1/2-1/2

[Event "Moscow-ch Men 2019"]
[Site "Moscow"]
[Date "2019.04.04"]
[Round "6.8"]
[White "Golubov, Saveliy"]
[Black "Yeletsky, Ivan"]
[Result "0-1"]
[WhiteElo "2460"]
[BlackElo "2409"]
[Annotator "TA"]
[PlyCount "116"]
[EventDate "2019.03.30"]
[EventType "swiss"]
[EventCountry "RUS"]
[SourceTitle "playchess.com"]
[Source "ChessBase"]
[SourceQuality "1"]

{[%evp 16,116,14,13,8,0,27,-12,0,0,0,-22,0,0,26,0,21,-6,0,4,9,0,12,0,-3,-9,0,-10,-12,0,0,-17,-1,-16,34,39,28,0,0,12,39,0,0,0,0,-75,-54,-60,-68,-69,16,16,10,10,17,-264,-254,-258,-259,-241,-253,-260,-259,-277,-275,-258,-252,-396,-269,-253,-202,-193,-159,-219,-226,-245,-240,-452,-452,-490,-482,-506,-456,-1469,-1454,-1444,-1028,-1031,-1019,-972,-936,-809,-647,-719,-644,-1217,-1210,-1228,-1089,-3481,-2634,-29974,-29975]} 1. d4 Nf6 2. Nf3 g6 3. Bg5 Bg7 4. Nbd2 O-O 5. e3 d6 6. Bd3 c5 7. c3 Nc6 8. O-O cxd4 9. exd4 h6 {A46: 1 d4 Nf6 2 Nf3 e6: Torre, London and Colle Systems} (9... Qc7 10. Re1 a6 11. a4 h6 12. Bxf6 Bxf6 13. Nc4 e5 14. dxe5 dxe5 15. Be4 Rd8 16. Qe2 Ne7 17. Bc2 {0-1 (60) Mamedyarov,S (2762)-Svidler,P (2742) Novi Sad 2016}) 10. Bh4 Qc7 11. b4 $146 ({Predecessor:} 11. Re1 e5 12. Nc4 Nh5 13. d5 Nb8 14. Nfd2 f5 15. Bf1 Rf7 16. f3 Nd7 17. Bf2 {0-1 (42) Galinsky,T (2379)-Lei,T (2474) Caleta 2016}) 11... Nd5 {The position is equal.} 12. Rc1 Nf4 $1 {[%cal Rf4d3]} 13. Bb1 e5 14. Re1 b6 15. b5 Ne7 16. c4 Nf5 17. Bg3 Nxg3 18. hxg3 Ne6 19. dxe5 dxe5 20. Be4 Rb8 21. Bd5 Kh7 22. Nb3 f6 23. Qe2 Bd7 24. Nfd2 Nc5 25. Nxc5 Qxc5 26. Nb3 Qb4 27. Red1 Rfd8 28. Rd2 h5 {Threatens to win with ...Bh6.} 29. Rcd1 Bf5 30. Re1 (30. Be4 $11 {keeps the balance.} Bg4 31. f3 Rxd2 32. Qxd2 Qxd2 33. Nxd2) 30... Rd7 31. f3 Rbd8 32. Rdd1 Rd6 ({Better is} 32... Bf8 $15) 33. g4 $11 hxg4 34. fxg4 Bc8 $1 {[#]} 35. Qf3 $2 {[%mdl 8192] [#]} (35. g5 $1 $11 {[%mdl 512]}) 35... Rxd5 $1 $19 {[%mdl 512]} 36. Qh3+ (36. cxd5 Bxg4) 36... Kg8 37. cxd5 Bxg4 {[%mdl 64] Double Attack} 38. Qh4 g5 39. Qg3 Bxd1 40. Rxd1 Qxb5 41. d6 (41. Qg4 $142) 41... a5 42. Qg4 Qd7 43. Qc4+ Kf8 44. a4 {[#]} (44. Nc1 $17 {is a better defense.}) 44... f5 $1 45. Qa6 Qc6 {And now ...e4 would win.} 46. Qf1 $2 (46. Qd3 {was the only chance.} Qe4 47. Qxe4 fxe4 48. Kf2) 46... f4 47. Qd3 e4 48. Qd2 Qc4 49. d7 (49. Qd5 $142 Qxd5 50. Rxd5) 49... Qxb3 50. Qd6+ Kg8 51. Rd5 Qe3+ 52. Kh2 Qg3+ $1 53. Kh1 Qh4+ 54. Kg1 Qh6 55. Qc7 Qf6 56. Rd6 Qe7 57. Qc6 e3 {( -> ...e2)} 58. Kf1 e2+ {Accuracy: White = 31%, Black = 47%.} 0-1

[Event "Moscow-ch Men 2019"]
[Site "Moscow"]
[Date "2019.04.04"]
[Round "6.9"]
[White "Savchenko, Boris"]
[Black "Makarian, Rudik"]
[Result "1-0"]
[WhiteElo "2575"]
[BlackElo "2354"]
[Annotator "TA"]
[PlyCount "121"]
[EventDate "2019.03.30"]
[EventType "swiss"]
[EventCountry "RUS"]
[SourceTitle "playchess.com"]
[Source "ChessBase"]
[SourceQuality "1"]

{[%evp 9,121,-16,-10,0,0,0,0,0,0,0,5,3,113,111,133,133,169,110,135,106,77,28,43,26,27,37,30,22,32,27,30,18,33,39,87,36,175,166,161,164,198,176,279,270,297,282,271,129,126,127,129,106,150,126,553,550,542,539,510,465,548,546,597,568,649,569,731,718,891,891,885,607,29971,29974,29972,5314,5214,458,367,235,228,217,206,206,208,189,201,194,207,206,195,184,174,157,159,160,175,139,402,406,517,507,541,533,545,525,681,680,581,304,584,578,562,568]} 1. e4 c5 2. Be2 Nc6 3. f4 g6 4. Nf3 Bg7 5. O-O d6 6. a4 $146 {B21: Sicilian: 2 f4 and Morra Gambit} ({Predecessor:} 6. c3 Nf6 7. d3 Rb8 8. a4 a6 9. Kh1 O-O 10. Be3 c4 11. Nbd2 cxd3 12. Bxd3 b5 13. axb5 axb5 {1-0 (34) Adhiban,B (2655)-Wang,Y (2690) Riadh 2017}) 6... e6 7. c3 Nge7 8. d4 {The position is equal.} cxd4 9. cxd4 O-O 10. Na3 e5 (10... b6 $11) 11. fxe5 $16 dxe5 {[%cal Rc6d4]} 12. d5 Nd4 13. Nxd4 exd4 14. Bg5 h6 15. Bf4 f5 16. Qb3 {Black must now prevent Bc7!} Kh8 17. d6 $36 {[%mdl 2048] White fights for an advantage.} Nc6 18. exf5 Bxf5 19. Nc4 Qd7 20. Bd3 Rae8 21. Bg3 Qe6 22. Rae1 ({Better is} 22. Bxf5 $16 gxf5 23. Rae1) 22... Qd5 (22... Bxd3 $14 23. Qxd3 (23. Rxf8+ Rxf8 24. Qxd3 Qd5 $14) 23... Rxf1+ 24. Rxf1 Rf8) 23. Rxe8 $1 $18 {[%mdl 64] Overworked Piece} Rxe8 {[#]} 24. Bxf5 $1 gxf5 25. Qb5 Qf7 (25... Qe6 $142) 26. Rxf5 Qg6 27. Qd5 d3 28. Qxd3 (28. Rf4 $18 {is more deadly.}) 28... Nd4 $16 29. d7 ({Don't blunder} 29. Rf8+ $2 Rxf8 30. Qd1 Qe6 $19) 29... Rg8 30. Nd6 Nxf5 31. Nxf5 ({Not} 31. Qxf5 Qxf5 32. Nxf5 Rd8 $17) 31... Rd8 $2 {[%mdl 8192]} (31... Bf6 $16 {is a better chance.}) 32. Bc7 $18 Bf6 33. Bxd8 Bxd8 34. g3 h5 35. Qd5 Kh7 36. Kf2 Qb6+ 37. Kf3 {White wants to mate with Qf7+.} Qg6 38. h3 Qf6 39. Ke4 Bc7 40. Kd3 Qxb2 41. Qf7+ Kh8 42. Qxh5+ (42. Qe8+ $142 Kh7 43. Qxh5+ Kg8 44. Ne7+ Kg7 45. Qg6+ Kf8 46. Qe8+ Kg7 47. Qg8+ Kf6 48. Nd5+ {[%mdl 64] Double Attack} Ke5 49. Qh8+ Kxd5 50. Qxb2) 42... Kg8 43. Qg4+ (43. Ne7+ $142 Kg7 44. Qg6+ Kf8 45. Qe8+ Kg7 46. Qg8+ Kf6 47. Nd5+ Ke5 48. Qh8+ Kxd5 49. Qxb2) 43... Kf8 44. Nd4 Qb1+ 45. Kd2 Ba5+ 46. Ke3 {Hoping for Qf4+.} Qe1+ 47. Kf4 Bc7+ {[#]} 48. Kf3 $1 {Threatens to win with Qf4+!} Qd1+ 49. Ne2 Ke7 50. Qe4+ Kxd7 51. Kg2 Qd2 52. h4 a6 53. Kh3 Qe1 $2 {[%mdl 8192]} (53... Qd6 $16 {was worth a try.} 54. Nf4 Qc6 55. Qf5+ Ke8) 54. h5 Qf1+ 55. Kg4 Qf6 56. Qxb7 Qe6+ 57. Kf3 Qh3 58. Qd5+ Kc8 {And now ...Qh1+ would win.} 59. Ke3 Qf1 $2 (59... Qg4 60. Qf7 Bd6) 60. Qa8+ Kd7 {intending ...Bb6+.} 61. Qxa6 {Accuracy: White = 60%, Black = 44%.} 1-0

[Event "Moscow-ch Men 2019"]
[Site "Moscow"]
[Date "2019.04.04"]
[Round "6.10"]
[White "Yeritsyan, Aram"]
[Black "Ivanov, Oleg V"]
[Result "1/2-1/2"]
[WhiteElo "2301"]
[BlackElo "2441"]
[Annotator "TA"]
[PlyCount "41"]
[EventDate "2019.03.30"]
[EventType "swiss"]
[EventCountry "RUS"]
[SourceTitle "playchess.com"]
[Source "ChessBase"]
[SourceQuality "1"]

{[%evp 9,41,-16,-5,-16,-2,-51,-15,-15,-6,-2,-5,-12,-12,-13,-6,-9,-12,-12,-25,-10,0,0,0,0,0,0,0,0,0,0,0,-6,2,-90]} 1. e4 e5 2. Nf3 Nc6 3. Bb5 g6 4. d3 (4. c3 a6 5. Ba4 Bg7 6. d4 exd4 7. cxd4 b5 8. Bc2 d6 9. d5 Na5 10. O-O Ne7 11. Bd2 Bxb2 12. Bxa5 Bxa1 13. Nc3 {1-0 (24) Navara,D (2733)-Salgado Lopez,I (2624) Germany 2019}) 4... Bg7 5. Bxc6 bxc6 $146 ({Predecessor:} 5... dxc6 6. h3 h6 7. Nc3 Ne7 8. Be3 Be6 9. O-O O-O 10. Qd2 Kh7 11. Kh2 b6 {1-0 (58) Bucur,S (1650)-Veltan,M (1650) Sovata 2001}) 6. Be3 {C60: Ruy Lopez: Unusual Black 3rd moves and 3...g6} d6 7. d4 Bg4 8. dxe5 Bxe5 {Strongly threatening ...Bxf3.} 9. c3 Bg7 10. Nbd2 Nf6 11. h3 Be6 12. O-O O-O 13. b4 a5 14. a4 axb4 {The position is equal.} 15. cxb4 Qb8 16. Rb1 Ba2 17. Ra1 Be6 18. Rb1 Ba2 19. Ra1 Be6 20. Qb1 Qb7 21. Ne1 {Accuracy: White = 60%, Black = 62%.} (21. Bd4 $11 {remains equal.}) 1/2-1/2

[Event "Moscow-ch Men 2019"]
[Site "Moscow"]
[Date "2019.04.04"]
[Round "6.11"]
[White "Savenkov, Konstantin"]
[Black "Rozanov, Pavel B."]
[Result "1-0"]
[WhiteElo "2373"]
[BlackElo "2242"]
[Annotator "TA"]
[PlyCount "49"]
[EventDate "2019.03.30"]
[EventType "swiss"]
[EventCountry "RUS"]
[SourceTitle "playchess.com"]
[Source "ChessBase"]
[SourceQuality "1"]

{[%evp 11,49,0,3,-7,-1,-16,0,0,0,0,29,-11,0,-39,27,12,7,23,24,34,5,6,31,26,52,33,170,127,150,132,237,193,430,346,360,356,328,347,315,272]} 1. e4 e6 2. d3 d5 3. Nd2 c5 4. g3 Bd6 5. Bg2 Ne7 6. f4 Nbc6 7. Ngf3 {C00: French: Unusual White 2nd moves} O-O 8. O-O f6 (8... b5 9. Re1 c4 10. d4 dxe4 11. Nxe4 Bb7 12. c3 Nd5 13. b3 Be7 14. bxc4 bxc4 {½-½ (89) Nakamura,H (2784)-Edouard,R (2666) Geneve 2013}) 9. Qe2 {The position is equal.} Bc7 10. c3 Bd7 11. Nh4 Be8 $146 ({Predecessor:} 11... b5 12. Nb3 Bb6 13. Be3 d4 14. Bf2 Be8 {1-0 (41) Skripchenko,A (2270)-Grabuzova,T (2380) Groningen 1994}) 12. f5 exf5 (12... Qd7 $15) 13. exd5 $11 Nxd5 14. Nxf5 Bg6 15. Ne4 Re8 16. Qf2 Re5 17. Nh4 Bh5 18. Bd2 b6 ({Black should try} 18... Bb6 $14) 19. Rae1 Bf7 20. a3 Re8 (20... Qf8 $16) 21. c4 Nde7 $2 (21... Ne5) 22. Bc3 {And now Nxf6+! would win.} Be5 23. Bxe5 Nxe5 {[#]} 24. Nxf6+ $1 {[%mdl 512]} gxf6 25. Rxe5 {Accuracy: White = 74%, Black = 18%.} 1-0

[Event "Moscow-ch Men 2019"]
[Site "Moscow"]
[Date "2019.04.04"]
[Round "6.12"]
[White "Smirnov, Timofey"]
[Black "Ageichenko, Genadi A"]
[Result "1-0"]
[WhiteElo "2345"]
[BlackElo "2208"]
[Annotator "TA"]
[PlyCount "57"]
[EventDate "2019.03.30"]
[EventType "swiss"]
[EventCountry "RUS"]
[SourceTitle "playchess.com"]
[Source "ChessBase"]
[SourceQuality "1"]

{[%evp 22,57,87,83,71,88,95,92,90,81,93,87,110,45,100,121,95,25,36,46,88,8,15,-29,-24,-147,-48,-108,31,31,221,192,283,264,242,147,29993,214]} 1. e4 c5 2. Nf3 e6 3. d4 cxd4 4. Nxd4 Nf6 5. Nc3 d6 6. g4 h6 7. h4 Nc6 8. Rg1 h5 9. gxh5 Nxh5 10. Bg5 Qb6 11. Nb3 a6 12. Be2 Nf6 {B81: Sicilian Scheveningen: Keres Attack} 13. h5 Nh7 14. Be3 Qc7 {White is better.} 15. Qd2 Nf6 $146 ({Predecessor:} 15... b5 16. a3 Bb7 17. O-O-O Rc8 18. f4 b4 19. axb4 Nxb4 {0-1 (40) Riemersma,L (2345)-Grooten,H (2325) Wijk aan Zee 1987}) 16. O-O-O Bd7 17. Bf4 (17. f4 $16) 17... Ne5 ({Black should try} 17... Nxh5 $14 18. Bxd6 Bxd6 19. Qxd6 Qxd6 20. Rxd6 Nf4) 18. Bg5 $1 $16 b5 {Strongly threatening ...b4.} 19. Qd4 ({Better is} 19. f4 $16 Nc6 20. Bf3) 19... Nc6 20. Qe3 $1 $36 {[%mdl 2048] White has the initiative.} b4 {[#]} 21. Nb1 (21. Na4 $1 $16) 21... Nh7 $11 22. Bf4 a5 23. Bb5 {[#]} (23. a4 $11 {remains equal.}) 23... Nf6 (23... e5 $1 $17 {[%cal Re5f4]} 24. Bg3 a4) 24. Nc5 (24. a4 $15) 24... Qb6 (24... e5 $17 {aiming for ...Nd4.} 25. Nxd7 Nxd7) 25. Nxd7 $14 {[%mdl 64] Discovered Attack} Qxb5 $2 ({Black should play} 25... Qxe3+ $14 26. fxe3 (26. Bxe3 Kxd7 27. e5 Nd5 $14) 26... Kxd7) 26. Nxf8 Kxf8 (26... e5 {might work better.}) 27. Bxd6+ $18 Kg8 28. Rg5 e5 $2 {[%mdl 8192] [#]} (28... Qc4 $16) 29. Rxg7+ $1 {[%mdl 576] Clearance. Accuracy: White = 26%, Black = 29%.} 1-0

[Event "Moscow-ch Men 2019"]
[Site "Moscow"]
[Date "2019.04.04"]
[Round "6.13"]
[White "Salman, Pavel"]
[Black "Dragomarezkij, Evgeni"]
[Result "1/2-1/2"]
[WhiteElo "2248"]
[BlackElo "2386"]
[Annotator "TA"]
[PlyCount "127"]
[EventDate "2019.03.30"]
[EventType "swiss"]
[EventCountry "RUS"]
[SourceTitle "playchess.com"]
[Source "ChessBase"]
[SourceQuality "1"]

{[%evp 20,127,31,10,27,16,37,34,28,10,49,41,47,-14,0,0,76,72,70,69,84,91,124,124,155,149,229,229,204,236,218,211,242,208,251,246,251,196,212,213,531,542,522,473,490,415,391,383,443,412,417,194,425,412,402,410,439,434,429,442,557,437,500,432,408,429,436,414,414,397,940,930,808,856,944,897,697,768,796,846,837,405,332,302,314,362,343,0,264,0,338,295,239,227,275,0,0,0,0,0,0,0,0,0,0,0,0,0,0,0]} 1. d4 Nf6 2. c4 e6 3. g3 Bb4+ 4. Bd2 Qe7 5. Nf3 Nc6 6. Nc3 O-O 7. Bg2 Bxc3 8. Bxc3 Ne4 9. Rc1 d6 10. d5 Nd8 11. Bb4 (11. O-O {keeps more tension.} e5 12. Nd2 Nxc3 13. Rxc3 b6 14. f4) 11... e5 {E11: Bogo-Indian} 12. Nd2 Nxd2 13. Qxd2 f5 {[#] White is slightly better.} 14. c5 $146 ({Predecessor:} 14. O-O Nf7 15. c5 b6 16. cxd6 cxd6 17. f4 Ba6 18. Rfe1 exf4 19. gxf4 {½-½ (31) Epishin,V (2600)-Loginov,V (2555) St Petersburg 1997}) 14... f4 15. Qd3 Bf5 16. Be4 (16. e4 $14 fxe3 17. Qxe3) 16... Bxe4 $11 17. Qxe4 Rf6 (17... Nf7 $11) 18. cxd6 $16 cxd6 19. Bd2 {[%cal Rd2f4]} Nf7 {[#]} 20. Bxf4 $1 {[%mdl 512]} Qd7 (20... exf4 21. Qxe7) 21. Be3 Qh3 22. Rc7 b6 (22... Rf8 $16 {keeps fighting.} 23. Kd2 (23. Rxb7 Rxf2 24. Bxf2 Qc8 $16) 23... b5) 23. Kd2 $18 Nh6 24. Rhc1 Nf5 25. Rb7 Nxe3 26. Qxe3 Qxh2 27. Rcc7 Rg6 28. Rxa7 {[%cal Ra7a8] [#]} Rf8 29. Qxb6 $40 {[%mdl 128] White is out for blood.} Qh1 $2 (29... Qh6+ {is a better chance.} 30. Kd3 Qg5) 30. Qb7 {[%cal Rc7g7]} Qh6+ 31. Kc2 Qg5 32. Ra8 {Intending Rxf8+ and mate.} Rgf6 33. Rcc8 Qf5+ 34. Kd2 Qxf2 35. Rxf8+ Rxf8 36. Rxf8+ Qxf8 {[%mdl 4096] Endgame KQ-KQ} 37. a4 {[%cal Ba2a4,Ba4a5][%mdl 32]} Qd8 38. b4 h6 39. a5 Qg5+ 40. e3 {Strongly threatening a6.} Qxg3 41. Qc8+ Kh7 42. Qf5+ Kh8 {Now ...Qg2+ and Black clings on.} 43. Qf8+ Kh7 44. Qxd6 Qh2+ $2 (44... h5 45. Qc5 h4) 45. Kc3 Qg1 46. Qb6 h5 47. a6 h4 48. a7 Qa1+ 49. Kc4 h3 50. Qe6 (50. Qb7 $142 h2 51. a8=Q Qxa8 52. Qxa8) 50... Qa2+ 51. Kb5 h2 52. Qh3+ Kg6 53. Qe6+ Kh7 54. Qh3+ Kg6 55. Qg4+ Kh6 56. Qh4+ Kg6 57. Qxh2 $2 (57. e4 $18) 57... Qxd5+ $11 {The position is equal.} 58. Kb6 {Qc2+ is the strong threat.} Qd6+ 59. Ka5 {White threatens Qc2+ and mate.} Qc7+ 60. Kb5 Qb7+ 61. Kc4 Qe4+ 62. Kb5 {Hoping for Qg1+.} Qb7+ 63. Kc4 Qe4+ 64. Kb5 {Accuracy: White = 75%, Black = 53%.} 1/2-1/2

[Event "Moscow-ch Men 2019"]
[Site "Moscow"]
[Date "2019.04.04"]
[Round "6.14"]
[White "Geivondian, Arman"]
[Black "Tarasov, Oleg"]
[Result "1-0"]
[WhiteElo "2388"]
[BlackElo "2175"]
[Annotator "TA"]
[PlyCount "86"]
[EventDate "2019.03.30"]
[EventType "swiss"]
[EventCountry "RUS"]
[SourceTitle "playchess.com"]
[Source "ChessBase"]
[SourceQuality "1"]

{[%evp 15,86,12,22,0,14,18,16,5,5,5,45,51,57,0,0,0,0,-2,0,-3,0,0,0,0,0,0,0,0,7,10,10,7,7,7,8,8,8,8,8,8,8,8,10,0,0,0,10,10,17,2,13,0,29,18,24,24,30,31,31,24,56,25,1296,1268,1169,0,195,191,29992,0,0,0,38]} 1. d4 d5 2. c4 c6 3. cxd5 cxd5 4. Nf3 Nf6 5. Nc3 Nc6 6. Bf4 a6 7. Rc1 Bf5 8. e3 Rc8 9. Ne5 {D13: Slav Defence: Exchange variation without ...Bf5} (9. Be2 e6 10. O-O Nd7 11. Na4 Be7 12. h3 O-O 13. a3 Na5 14. Nc5 Nc4 15. b4 Nxc5 16. dxc5 Nxa3 {1-0 (44) So,W (2778)-Carlsen,M (2843) Stavanger 2018}) 9... Nxe5 10. dxe5 Ne4 11. Bd3 e6 12. Bxe4 Bxe4 $146 (12... dxe4 {is more complex.} 13. Qa4+ Rc6 14. O-O Be7 15. Rcd1 Qc8) ({Predecessor:} 12... dxe4 13. Qa4+ Qd7 14. Ke2 Qxa4 15. Nxa4 Rb8 16. Nb6 Bg6 {½-½ (39) Ringoir,T (2506)-Alsina Leal,D (2542) Elgoibar 2013}) 13. Nxe4 dxe4 14. Rxc8 (14. Qxd8+ $14 Rxd8 15. Ke2) 14... Qxc8 $11 15. O-O Be7 16. h4 O-O 17. Qg4 {aiming for Bh6.} Kh8 (17... Qc7 {feels hotter.} 18. h5 Re8 19. b3 b5 20. Bg3 Qc2) 18. Bg5 Bxg5 19. hxg5 {[%mdl 4096] Endgame KQR-KQR} Qc2 20. b4 Kg8 21. Rd1 Rc8 22. a3 g6 23. Rd7 b5 24. Qf4 Rf8 25. Kh2 Qb2 26. Ra7 Qxa3 27. Qxe4 Qa2 28. Qf4 Kg7 29. Qf6+ Kg8 30. Qf4 Kg7 31. Kg3 Qa1 32. Qf6+ Kg8 33. Qf4 Kg7 34. Qe4 $36 {[%mdl 2048] White has good play.} h6 35. gxh6+ Kxh6 36. Qh4+ Kg7 37. Qf4 Kg8 38. Qf6 Qa3 $2 {[%mdl 8192] [#]} (38... Qa2 $11) 39. Rd7 $1 $18 {[%cal Rd7d4] White threatens Rd4 and mate.} Qa2 40. Ra7 $2 (40. Rd1 $18 {Intending Rh1 and mate.} Qe2 41. Rh1) 40... Qb2 $2 (40... Qa3 $11 {and Black stays safe.}) 41. Rxa6 Qxb4 $2 {[#]} (41... Qe2 $18 42. Rd6 Qh5) 42. Ra7 $2 (42. Ra1 $1 {mates} Qe4 43. Rh1 Qxe5+ 44. Qxe5 f6 45. Qc7 Rf7 46. Qd8+ Rf8 47. Qe7 Rc8 48. Qxf6 Rf8 49. Qxg6#) 42... Qb1 43. Ra6 Qf5 {Accuracy: White = 67%, Black = 54%.} 1-0